Herencia y testamento

Bibliographic Details
Main Author: Pascual Garca̕, Još
Corporate Author: Boletn̕ Oficial del Estado (Espaą)
Format: Unknown
Language:Spanish
Published: [Madrid] : Boletn̕ Oficial del Estado, 2007
Subjects:
Online Access:Acceso restringido

MARC

LEADER 00000ny a22000003n 4500
005 20110520145417.0
008 080613s2007 sp s 000 0 spa c
020 |a 8434016842 
035 |a 1769 
040 |a UMA.RE  |d vLex 
080 |a 347.67(460)(0.034) 
090 |c 129  |d 129 
100 1 |a Pascual Garca̕, Još 
245 1 0 |a Herencia y testamento  |h [Recurso electrn̤ico]  |c Jos ̌Pascual Garca̕ 
256 |a Servicio en ln̕ea 
260 |a [Madrid] :  |b Boletn̕ Oficial del Estado,  |c 2007 
506 1 |a Contenido solo disponible en los productos indicados  |d vLex Global  |d vLex Global (Academic Edition, excluding Law Schools)  |d vLex Global (U.S. Academic Edition, Law Schools)  |d vLex Global (U.S. Academic Edition, excluding Law Schools)  |d vLex Global (Academic Edition, Law Schools) 
650 0 7 |a Herencia  |2 Tesauro vLex 
650 0 7 |a Sucesorio  |2 Tesauro vLex 
650 0 7 |a Testamento  |2 Tesauro vLex 
650 0 7 |a Derecho sucesorio  |2 Tesauro vLex 
650 0 7 |a Herencia  |2 Tesauro vLex 
650 0 7 |a Testamento  |2 Tesauro vLex 
710 2 |a Boletn̕ Oficial del Estado (Espaą) 
740 0 |a vLex Libros (Servicios en ln̕ea) 
856 4 0 |u http://vlex.com/source/1769  |z Acceso restringido 
942 |c BOOK 
999 0 |a Heredity  |b Spain